000 00464nam a2200205Ia 4500
001 13705
003 GE_BSU
008 181216s||||||||xx |||||||||||||| ||und||
020 _a0192616951
040 _cGE_BSU
080 _a616-006
100 _aWhitehouse,Michael; Slevin,Maurice.
245 _aCancer:The facts.
260 _aOxford.
260 _bUniversity Press.
260 _c1996
300 _a242p;19cm.
653 _aCancer:The facts.
942 _cBK
999 _c46853
_d46853